000 02344cam a22005174i 4500
003 PE-LiUPU
005 20250731172831.0
008 150821s2012 miu rb 001 0 eng d
020 _a9780802866790
035 _a(Sirsi) i9780802866790
040 _aPE-LiUPU
_bspa
_dPE-LiUPU
_erda
049 _aPRUA
082 0 4 _a221.44
_bV25
_223
100 1 _aVanderKam, James C.,
_eautor.
245 1 4 _aThe Dead Sea scrolls and the Bible /
_cJames C. VanderKam.
264 1 _aGrand Rapids, Michigan :
_bWilliam B. Eerdmans Publishing Company,
_c2012.
300 _axiv, 188 páginas ;
_c24 centímetros
336 _atext
_2rdacontent
337 _aunmediated
_2rdamedia
338 _avolume
_2rdacarrier
504 _aBibliografía : páginas 167-182.
504 _aÍndice : páginas 183-188.
505 0 _aThe "Biblical" scrolls and their implications -- Commentary on older scripture in the scrolls -- Authoritative literature according to the scrolls -- New copies of old texts -- Groups and group controversies in the scrolls -- The Dead Sea scrolls and the New Testament Gospels -- The Dead Sea scrolls, the Acts of the Apostles, and the letters of Paul.
526 _aSEG42
526 _aSEG41
526 _aSEG40
526 _aSEG39
526 _aP94
526 _aP87
526 _aP86
526 _aP85
526 _aP77
526 _aP76
526 _aP35
650 4 _aJudaísmo
_xHistoria
_yPeriodo post-exilio, 586 aC-210 dC.
650 4 _aRollos del Mar Muerto
_xRelación con el Antiguo Testamento.
650 4 _aRollos del Mar Muerto
_xRelación con el Nuevo Testamento.
650 4 _aRollos del Mar Muerto.
_94334
910 _aaas
_bjck
_caas
_d20150821
942 _2ddc
_cBOOK
949 _aPGT 221.44 V25
_wDEWEY
_c1
_i71748
_d2017-1-2
_e2017-1-2
_kCHECKEDOUT
_lCCODEBUL1
_mBUL
_n1
_p16.00
_rM
_sY
_tBOOK
_u2015-8-21
_xTEOLOGIA
_PP85
_0COMPRA
_o.CIRCNOTE. No olvidar cambiar la fecha de devolución!!!!!!!
_o.STAFF. Posgrado
994 _aC0
_bPEPRU
596 _a1
999 _aPGT 221.44 V25
_wDEWEY
_c6800
_i71748
_d6800
_e2017-1-2
_f2021-11-9
_g5
_kCHECKEDOUT
_lCCODEBUL1
_mBUL
_n1
_p16.00
_r0
_sY
_tBOOK
_u2015-8-21
_xTEOLOGIA
_PP85
_0COMPRA
_o.CIRCNOTE. No olvidar cambiar la fecha de devolución!!!!!!!
_o.STAFF. Colección Teología
980 _81
_gALBERTO SANCHEZ Responsable de Automatización